• 首页
  • 本馆介绍
  • 公告通知
  • 最新文献
  • 馆藏检索
  • 电子资源
  • 读者导购
  • 参考咨询
  • 我的图书馆
  • 登录
  • 详细信息显示
  • 放入我的书架
  • 预约/预借图书
  • 作者相关作品
  • 分类相关作品
  • 丛书相关作品
  • 出版社相关作品

书目信息

  • 表格格式
  • 工作单格式
  • 卡片格式
题名:
餐饮空间设计
    
 
作者: 张丽丽 , 吴展齐 主编
分册:  
出版信息: 南京   南京大学出版社  2021.1
页数: 106页
开本: 29cm
丛书名:
单 册:
中图分类: TU247.3
科图分类:
主题词: 餐馆--室内装饰设计--高等学校--教材
电子资源:
ISBN: 978-7-305-14486-8
000 01153nam0 2200289 45
001 012001001705
005 20211013150224.00
010    @a978-7-305-14486-8@dCNY45.00
100    @a20150918d2015 em y0chiy50 ea
101 0  @achi
102    @aCN@b320000
105    @aa z 000yy
106    @ar
200 1  @a餐饮空间设计@Acan yin kong jian she ji@b专著@dCatering space design@f张丽丽,吴展齐主编@zeng
205    @a2版
210    @a南京@c南京大学出版社@d2021.1
215    @a106页@c图@d29cm
300    @a21世纪高等院校艺术设计专业“十二五”规划教材/张夫也,孙建君主编 环境艺术设计类
300    @a并列题名:Catering space design
330    @a本书共八章,主要阐述当代餐饮空间设计的理论知识。具体包括餐饮空间设计的基础理论、餐饮空间设计的影响因素、餐饮空间形态设计、餐饮空间内外部环境设计、餐饮空间色彩设计、餐饮空间光照设计、餐饮空间环境整体设计、餐饮空间设计案例等内容。
510 1  @aCatering space design@zeng
606 0  @a餐馆@x室内装饰设计@x高等学校@j教材
690    @aTU247.3@v5
701  0 @a张丽丽@Azhang li li@4主编
701  0 @a吴展齐@Awu zhan qi@4主编
801  0 @aCN@bBJSDL@c20211011
905    @b1336893-6@dTU247.3@e1974=2@f4
    
    餐饮空间设计=Catering space design/张丽丽,吴展齐主编.-2版.-南京:南京大学出版社,2021.1
    106页:图;29cm
    21世纪高等院校艺术设计专业“十二五”规划教材/张夫也,孙建君主编 环境艺术设计类.-并列题名:Catering space design
    
    ISBN 978-7-305-14486-8:CNY45.00
    本书共八章,主要阐述当代餐饮空间设计的理论知识。具体包括餐饮空间设计的基础理论、餐饮空间设计的影响因素、餐饮空间形态设计、餐饮空间内外部环境设计、餐饮空间色彩设计、餐饮空间光照设计、餐饮空间环境整体设计、餐饮空间设计案例等内容。
●
相关链接 在E读中查询图书 在五车中查询图书 在当当中查询图书 在豆瓣中查询图书


正题名:餐饮空间设计     索取号:TU247.3/1974=2         预约/预借

序号 登录号 条形码 馆藏地/架位号 状态 备注
1 1336893   213368933   第二样本阅览室/ [索取号:TU247.3/1974=2] 在馆    
2 1336894   213368942   第三借阅区/ [索取号:TU247.3/1974=2] 在馆    
3 1336895   213368951   第三借阅区/ [索取号:TU247.3/1974=2] 在馆    
4 1336896   213368960   第三借阅区/ [索取号:TU247.3/1974=2] 在馆    
唐山师范学院图书馆 欢迎您!
大连网信软件有限公司© 版权所有